000
00234nam a2200097Ia 4500
008
220204s9999 xx 000 0 und d
082
_a
678.065
_b
IRS
245
0
_a
Globalization of the tyre industry. Pt 1
260
_b
IRSG
942
_c
BK
999
_c
40351
_d
40351